| 000 | 00757nam a2200217 i 4500 | ||
|---|---|---|---|
| 001 | 97312 | ||
| 003 | ES-MaACL | ||
| 005 | 20240131063031.0 | ||
| 007 | t| | ||
| 008 | 050708s1984 sp ||||1| spa d | ||
| 100 | 1 |
_aMaragall, Joan, _d1860-1911 _9152432 |
|
| 245 | 1 | 0 |
_aObra poética _b: versión bilingüe / _cJoan Maragall; edición, introducción y notas de Antoni Comas; traducción de J. F. Vidal Jové. |
| 260 |
_aMadrid : _bCastalia, _c1984. |
||
| 300 |
_a2 v. : _bil. ; _c18 cm. |
||
| 490 | 1 |
_aClásicos Castalia ; _v126 y 127 |
|
| 700 | 1 |
_aComas, Antoni. _939930 |
|
| 700 | 1 |
_aVidal Jové, J. F. _9114497 |
|
| 830 | 0 |
_aClásicos Castalia ; _v126 y 127 _9178595 |
|
| 852 |
_aES-MaACL _jL-7536-37 _bR.108167 |
||
| 999 |
_c97312 _d97312 |
||